| 000 | 01164nam a2200337Ia 4500 | ||
|---|---|---|---|
| 003 | OSt | ||
| 005 | 20221007123054.0 | ||
| 006 | a|||||r|||| 00| 0 | ||
| 007 | ta | ||
| 008 | 221006b |||||||| |||| 00| 0 eng d | ||
| 020 | _a9781498734516 (hbk) | ||
| 024 | _a199018 | ||
| 037 |
_b4714, 23/02/2018, Ashutosh Technical Books _cTextual |
||
| 040 |
_aPAPL _cPAPL _beng |
||
| 041 |
_2eng _aeng |
||
| 082 | _aC9B36, Q8 Carpa | ||
| 100 |
_aCabibbo Nicola _9716305 |
||
| 245 | 0 |
_aIntroduction to gauge theory _b Luciano Maiani Benhar Omar |
|
| 260 |
_aBoca _bRaton CRC Press _c2018 |
||
| 300 |
_axvi,303p. ill. _ccm. |
||
| 500 | _aAppendix A-F, 269-294p.; Bibliography 295-298p.; Index 299-303p. | ||
| 650 |
_a Fermion fields _9716306 |
||
| 650 |
_a Feynman path integral _9716307 |
||
| 650 | _a Quantum electrodynamics | ||
| 650 |
_a Towards a field theory _9716308 |
||
| 650 | _aPhysics | ||
| 700 |
_a Benhar Omar _9716309 |
||
| 700 |
_a Luciano Maiani _9716310 |
||
| 942 |
_hC9B36, Q8 Carpa _cTEXL _2CC |
||
| 999 |
_c1211333 _d1211333 |
||